000 01124cam a2200265 4500
001 ##L133685
008 060601n2006 000 0 eng u
020 _a0863825826
022 0 _a1750-323X
035 _a(Sirsi) u133685
041 0 _aeng
050 0 4 _a690.029 $2 18
110 2 _aBarbour Index
_92548
245 0 0 _aBarbour index building product compendium '06
250 _a30th ed.
260 _aAscot
_bCMP
_c2006
300 _av, 1004p.
_bill.
_c26cm.
350 _a115.00
520 _aDirectory of building product information that contains full colour entries on around 1400 product ranges and over 7000 suppliers. Includes a list of useful addresses and a company and trade name directory. The Barbour Compendium is also available online at www.barbour compendium.co.uk, where you can also register for a free copy of the printed compendium.
590 _aIKA190906
651 4 _aUnited Kingdom
_y
690 _aBUILT ENVIRONMENT-BUILDING ELEMENTS
856 _uhttps://www.barbourcompendium.co.uk/
_zView building product information free of charge at www.barbourcompendium.co.uk
942 _n0
999 _c105450
_d105450